Environment and ornithology in India (Record no. 378777)

000 -LEADER
fixed length control field 00418cam a22001577a 4500
008 - FIXED-LENGTH DATA ELEMENTS--GENERAL INFORMATION
fixed length control field 180718b1996 xxu||||| |||| 00| 0 eng d
020 ## - INTERNATIONAL STANDARD BOOK NUMBER
International Standard Book Number 817033301X
082 ## - DEWEY DECIMAL CLASSIFICATION NUMBER
Classification number O91x54 G581
100 ## - MAIN ENTRY--PERSONAL NAME
Personal name Gole, Prakash
245 ## - TITLE STATEMENT
Title Environment and ornithology in India
Statement of responsibility, etc. by Prakash Gole
260 ## - PUBLICATION, DISTRIBUTION, ETC.
Place of publication, distribution, etc. Jaipur
Name of publisher, distributor, etc. Rawat
Date of publication, distribution, etc. 1996
300 ## - PHYSICAL DESCRIPTION
Extent 262p.
650 ## - SUBJECT ADDED ENTRY--TOPICAL TERM
Topical term or geographic name entry element Environment
650 ## - SUBJECT ADDED ENTRY--TOPICAL TERM
Topical term or geographic name entry element Ecology
650 ## - SUBJECT ADDED ENTRY--TOPICAL TERM
Topical term or geographic name entry element Envronmental policy - India
Holdings
Withdrawn status Lost status Damaged status Not for loan Permanent Location Current Location Date acquired Full call number Barcode Date last seen Price effective from Koha item type
        Indian Institute of Public Administration Indian Institute of Public Administration 2002-10-08 O91x54 G581 70343 2018-07-21 2018-07-21 Book
        Indian Institute of Public Administration Indian Institute of Public Administration 1995-12-22 O91x54 G581 70314 2018-07-21 2018-07-21 Book

Powered by Koha